Normal view
MARC view
Entry Personal Name
001 - CONTROL NUMBER
- control field: 53425
003 - CONTROL NUMBER IDENTIFIER
- control field: dpl
005 - DATE AND TIME OF LATEST TRANSACTION
- control field: 20121031104839.0
008 - FIXED-LENGTH DATA ELEMENTS
- fixed length control field: 121031|||a|||||| | ||| d
040 ## - CATALOGING SOURCE
- Original cataloging agency: dpl
- Transcribing agency: dpl
100 ## - HEADING--PERSONAL NAME
- Personal name: राय, भारती
670 ## - SOURCE DATA FOUND
- Source citation: Work cat.: (dpl)67328: राय, भारती, वे दिन ये दिनः, 2010
670 ## - SOURCE DATA FOUND
- Source citation: Work cat.: (dpl)67328: राय, भारती, वे दिन ये दिनः, 2010
